000 00391nam a22001577a 4500
005 20160518172044.0
008 160518b xxu||||| |||| 00| 0 eng d
041 _aeng
082 _b3086
100 _aMayur. R.R
_9767
245 _aProduction and Operations Management
260 _aNew Delhi
_bMc Graw Hill Companies,
_c1982
300 _a654
650 _aManagement
_9241
942 _cBK
999 _c1055
_d1055